Una nueva mirada a la mortalidad materna en México /

Compilación de las ponencias expuestas en la segunda Conferencia Nacional sobre Maternidad sin Riesgos en México, efectuada del 27 al 29 de julio de 1998, cinco años después de su primera edición. Las contribuciones han sido organizadas en ocho secciones: tras un marco general de referencia, las aut...

Descripción completa

Guardado en:
Detalles Bibliográficos
Autor corporativo: Conferencia Nacional sobre Maternidad sin Riesgos en México ( México)
Otros autores: Elu de Leñero, María del Carmen (edición) (edición), Santos Pruneda, Elsa (edición) (edición)
Formato: Procedimiento de la conferencia Libro
Idioma:Español
Temas:
Etiquetas: Agrega una etiqueta
Sin etiquetas, Sé el primero en etiquetar este registro!

MARC

LEADER 00000nam^a2200000^a^4500
001 000124468
005 20250521000000.0
009 20260310094614.711
020 |a 968-6912-13-4 
037 |a Acervo ITESO - Biblioteca 
041 |a ESP 
082 |a 304. 640972  |b CON 1998 
111 |a Conferencia Nacional sobre Maternidad sin Riesgos en México (  |n 2a :  |d 1998 :  |c México) 
245 1 4 |a Una nueva mirada a la mortalidad materna en México /  |c Ed. de M.C. Elu de Leñero, E. Santos Pruneda. 
264 |a México :  |b Comité Promotor para una Maternidad sin Riesgos,  |c 1999 
300 |a X, 373 p. 
336 |a texto  |b txt  |2 rdacontenido 
337 |a sin mediación  |b n  |2 rdamedio 
338 |a volumen  |b nc  |2 rdasoporte 
520 |a Compilación de las ponencias expuestas en la segunda Conferencia Nacional sobre Maternidad sin Riesgos en México, efectuada del 27 al 29 de julio de 1998, cinco años después de su primera edición. Las contribuciones han sido organizadas en ocho secciones: tras un marco general de referencia, las autoras y autores abordan las dimensiones de la mortalidad materna en México y los aspectos no declarados de las estadísticas de salud; los avances logrados en la prevención del problema y las experiencias para disminuirlo mediante el desarrollo de servicios de salud; la evaluación de las iniciativas de la primera conferencia, las perspectivas futuras del problema y una actualización de la Declaración de México para una Maternidad sin Riesgos 
649 |a XX 
650 |a Madres Mexicanas 
650 |a Mujeres Mexicanas 
650 |a Mortalidad -  |z México -  |x Congresos 
650 |a Maternidad -  |z México -  |x Congresos 
650 |a Problemas Sociales -  |z México 
650 |a Salud Reproductiva -  |z México 
650 |a Salud Pública -  |z México 
650 |a Política y Salud Pública -  |z México -  |x Historia -  |y 1994-2000 
650 |a Política de Género -  |z México -  |x Historia -  |y 1994-2000 
650 |a Política Social -  |z México -  |x Historia -  |y 1994-2000 
650 |a Política Social -  |z México -  |x Historia -  |y Siglo XX 
650 |a Población -  |z México 
650 |a Demografía 
700 |a Elu de Leñero, María del Carmen  |e (edición) 
700 |a Santos Pruneda, Elsa  |e (edición) 
910 |a Fondo General 
920 |a Impresos - Libros 
930 |a Colección General 
905 |a 101 
901 |a 0500057760  |b IT1  |c ACC  |u 20250521 
902 |a https://opac.biblio.iteso.mx/vufind/Record/000124468